|
|
|
|
| LEADER |
00000nam0a2200000 4500 |
| 001 |
363269 |
| 005 |
20231102011555.0 |
| 035 |
|
|
|a (RuTPU)RU\TPU\retro\20616
|
| 090 |
|
|
|a 363269
|
| 100 |
|
|
|a 20210924d1981 k y0rusy50 ca
|
| 101 |
0 |
|
|a rus
|
| 102 |
|
|
|a UZ
|
| 105 |
|
|
|a a z 001zy
|
| 200 |
1 |
|
|a Четвертичные россыпи Узбекистана
|e монография
|f Х. Т. Туляганов, Л. З. Палей
|
| 210 |
|
|
|a Ташкент
|c Фан
|d 1981
|
| 215 |
|
|
|a 140 с.
|c ил.
|e 1 л. схемы
|
| 320 |
|
|
|a Библиогр.: с. 131-139
|
| 606 |
1 |
|
|a Золоторудные месторождения, россыпные
|x Опробование
|2 stltpush
|3 (RuTPU)RU\TPU\subj\11882
|9 38761
|
| 606 |
1 |
|
|a Четвертичные отложения
|y Узбекистан
|2 stltpush
|3 (RuTPU)RU\TPU\subj\76829
|9 87634
|
| 610 |
1 |
|
|a физико-географическое описание
|
| 610 |
1 |
|
|a региональная геология
|
| 610 |
1 |
|
|a геоморфология
|
| 610 |
1 |
|
|a металлогения
|
| 610 |
1 |
|
|a тектоника
|
| 610 |
1 |
|
|a стратиграфия
|
| 610 |
1 |
|
|a литология
|
| 610 |
1 |
|
|a россыпеобразование
|
| 610 |
1 |
|
|a гидрогеологическая характеристика
|
| 610 |
1 |
|
|a гидрохимические факторы
|
| 610 |
1 |
|
|a четвертичный период
|
| 610 |
1 |
|
|a палеоклимат
|
| 610 |
1 |
|
|a четвертичные россыпи
|
| 610 |
1 |
|
|a монографии
|
| 675 |
|
|
|a 553.411
|v 4
|
| 675 |
|
|
|a 551.79
|v 4
|
| 700 |
|
1 |
|a Туляганов
|b Х. Т.
|g Хабиб Туляганович
|
| 701 |
|
1 |
|a Палей
|b Л. З.
|g Лев Зиновьевич
|
| 801 |
|
1 |
|a RU
|b 63413507
|c 20210924
|
| 801 |
|
2 |
|a RU
|b 63413507
|c 20220701
|g RCR
|
| 942 |
|
|
|c BK
|